000 00696nam a2200253Ia 4500
003 OSt
005 20221005085455.0
006 a|||||r|||| 00| 0
007 ta
008 221004b |||||||| |||| 00| 0 eng d
024 _a68512
037 _cTextual
040 _aCRL
_cCRL
_beng
041 _2eng
_aeng
082 _aX:8(Y:393), M4
100 _aCallanan Joseph A.
_9614240
245 0 _aCommunicating
_b How to organize meetings and presentations
260 _aNew York
_bFranklin Watts USA
_c1984
300 _a252p.
_ccm.
650 _a ECONOMICS
650 _aMANAGEMENT
942 _hX:8(Y:393), M4
_cTEXL
_2cc
999 _c994284
_d994284